000 00775nam a2200229Ia 4500
001 15942
003 GE_BSU
008 181216s||||||||xx |||||||||||||| ||und||
040 _cGE_BSU
080 _a796.525.071.2(479.22)
100 _aხერგიანი, მ.
245 _aკლდის ვეფხვი
245 _bქართველი ალპინისტები
245 _cრედ.დ.ციგროშვილი.მხ. ვ. ონიანი
260 _aთბილისი
260 _bსაბჭ. საქართველო
260 _c1975
300 _a341გვ. ; 21სმ
653 _aკლდის ვეფხვი
653 _aქართველი ალპინისტები
942 _cBK
999 _c49036
_d49036